Let God love you. (Record no. 5904)

000 -LEADER
fixed length control field 00652nam a2200193 a 4500
001 - CONTROL NUMBER
control field :::00003647$&:&@@
003 - CONTROL NUMBER IDENTIFIER
control field OkBaRHE
005 - DATE AND TIME OF LATEST TRANSACTION
control field 20000607103309.0
008 - FIXED-LENGTH DATA ELEMENTS--GENERAL INFORMATION
fixed length control field s1982 j 000 0 eng u
040 ## - CATALOGING SOURCE
Transcribing agency
100 1# - MAIN ENTRY--PERSONAL NAME
Personal name Ogilvie, Lloyd John.
245 10 - TITLE STATEMENT
Title Let God love you.
260 ## - PUBLICATION, DISTRIBUTION, ETC. (IMPRINT)
Place of publication, distribution, etc Waco, TX., :
Name of publisher, distributor, etc Word Books
Date of publication, distribution, etc 1982
300 ## - PHYSICAL DESCRIPTION
Extent 160 p. ;
Dimensions 22 cm.
650 ## - SUBJECT ADDED ENTRY--TOPICAL TERM
Topical term or geographic name as entry element Bible New Testament Philippians
General subdivision Meditations
942 ## - ADDED ENTRY ELEMENTS (KOHA)
Source of classification or shelving scheme
Koha item type Books
Copies
Price effective from Date checked out Permanent Location Damaged status Copy number Lost status Barcode Current Location Date last seen Not for loan Full call number Koha item type Withdrawn status Shelving location Source of classification or shelving scheme Total Checkouts Total Renewals Date acquired
2010-04-14 RHEMA Bible Training College 1 3647 2018-04-03 BS 2705.4 .O37Books General Stacks   2010-04-14
2010-04-142022-01-28RHEMA Bible Training College 2 20158RHEMA Bible Training College2022-04-15 BS 2705.4 .O37Books General Stacks 112010-04-14